Swahili beyond the boundaries : literature, language, and identity / (Record no. 125)

000 -LEADER
fixed length control field 01782cam a2200361 a 4500
001 - CONTROL NUMBER
control field 14618613
003 - CONTROL NUMBER IDENTIFIER
control field OSt
005 - DATE AND TIME OF LATEST TRANSACTION
control field 20140116120819.0
008 - FIXED-LENGTH DATA ELEMENTS--GENERAL INFORMATION
fixed length control field 061101s2007 ohu b s001 0 eng
010 ## - LIBRARY OF CONGRESS CONTROL NUMBER
LC control number 2006036626
020 ## - INTERNATIONAL STANDARD BOOK NUMBER
International Standard Book Number 9780896802520
020 ## - INTERNATIONAL STANDARD BOOK NUMBER
International Standard Book Number 0896802523
035 ## - SYSTEM CONTROL NUMBER
System control number (OCoLC)ocm76073939
035 ## - SYSTEM CONTROL NUMBER
System control number (OCoLC)76073939
040 ## - CATALOGING SOURCE
Original cataloging agency DLC
Transcribing agency DLC
Modifying agency BAKER
-- BTCTA
-- C#P
-- YDXCP
-- IXA
-- DLC
043 ## - GEOGRAPHIC AREA CODE
Geographic area code fe-----
050 00 - LIBRARY OF CONGRESS CALL NUMBER
Classification number PL8703.5.M25 2007
100 1# - MAIN ENTRY--PERSONAL NAME
Personal name Mazrui, Alamin M.
245 10 - TITLE STATEMENT
Title Swahili beyond the boundaries : literature, language, and identity /
Statement of responsibility, etc Alamin Mazrui.
260 ## - PUBLICATION, DISTRIBUTION, ETC. (IMPRINT)
Place of publication, distribution, etc Athens :
Name of publisher, distributor, etc Ohio University Press,
Date of publication, distribution, etc 2007.
300 ## - PHYSICAL DESCRIPTION
Extent x, 206 p.
440 #0 - SERIES STATEMENT/ADDED ENTRY--TITLE
Title Ohio University research in international studies.
Name of part/section of a work Africa series ;
Volume number/sequential designation no. 85
504 ## - BIBLIOGRAPHY, ETC. NOTE
Bibliography, etc Includes bibliographical references and index.
505 0# - FORMATTED CONTENTS NOTE
Formatted contents note Introduction : hybridity reconfigured -- The intercultural heritage of Swahili literature -- Aesthetics of Swahili verse: between the "old" and the "new" -- Religion and the boundaries of Swahili literature -- Translation and the (re)configuration of the Swahili literary space -- Conclusion.
650 #0 - SUBJECT ADDED ENTRY--TOPICAL TERM
Topical term or geographic name as entry element Swahili literature
General subdivision History and criticism.
650 #0 - SUBJECT ADDED ENTRY--TOPICAL TERM
Topical term or geographic name as entry element Literature and society
Geographic subdivision Africa, East.
856 41 - ELECTRONIC LOCATION AND ACCESS
Materials specified Table of contents only
Uniform Resource Identifier <a href="http://www.loc.gov/catdir/toc/ecip074/2006036626.html">http://www.loc.gov/catdir/toc/ecip074/2006036626.html</a>
856 42 - ELECTRONIC LOCATION AND ACCESS
Materials specified Contributor biographical information
Uniform Resource Identifier <a href="http://www.loc.gov/catdir/enhancements/fy0707/2006036626-b.html">http://www.loc.gov/catdir/enhancements/fy0707/2006036626-b.html</a>
856 42 - ELECTRONIC LOCATION AND ACCESS
Materials specified Publisher description
Uniform Resource Identifier <a href="http://www.loc.gov/catdir/enhancements/fy0707/2006036626-d.html">http://www.loc.gov/catdir/enhancements/fy0707/2006036626-d.html</a>
906 ## - LOCAL DATA ELEMENT F, LDF (RLIN)
a 7
b cbc
c orignew
d 1
e ecip
f 20
g y-gencatlg
942 ## - ADDED ENTRY ELEMENTS (KOHA)
Source of classification or shelving scheme
Koha item type Book
Holdings
Withdrawn status Lost status Source of classification or shelving scheme Damaged status Not for loan Home library Current library Date acquired Source of acquisition Total Checkouts Full call number Barcode Date last seen Copy number Price effective from Koha item type Date checked out
          Riara University Library Riara University Library 08/10/2011 Purchase   PL8703.5.M25 2007 2888/11 08/10/2011 C.2 08/10/2011 Book  
          Riara University Library Riara University Library 08/10/2011 Purchase 1 PL8703.5.M25 2007 2889/11 15/02/2016 C.1 08/10/2011 Book 17/06/2015
          Riara University Library Riara University Library 10/11/2011 Purchase   PL8703.5.M25 2007 3078/11 10/11/2011 C.3 10/11/2011 Book  

Riara University Library,
P.O. Box 49940-00100,
Nairobi, Kenya.